000 00800nam a2200253Ia 4500
003 OSt
005 20220928130207.0
006 a|||||r|||| 00| 0
007 ta
008 220927b |||||||| |||| 00| 0 eng d
020 _c12167.5
024 _a112777
037 _b133, 24/10/2011, N.R.Book Distributors
_cTextual
040 _aSDCL
_cSDCL
_beng
041 _2eng
_aeng
082 _aE9G,6894:(F555), Q0
100 _aWaldron Keith Ed.
_9473086
245 0 _aBioalcohol production
_b Biochemical conversion of lignocellulosic biomass.
260 _aOxford
_bCRC Press
_c2010
300 _axx,476p.
_ccm.
650 _aMicrobiology
942 _hE9G,6894:(F555), Q0
_cTEXL
_2CC
999 _c785618
_d785618